000
00210nam a22000857a 4500
001
1257777
005
20260219103153.0
245
_a
MİA VE BAZI ŞEKERLİ ŞEYLER
_c
BİRSEN EKİM ÖZEN
260
_b
TİMAŞ YAYINLARI
999
_c
1257777
_d
1257777